| 000 | 00780nam a22002177a 4500 | ||
|---|---|---|---|
| 005 | 20240530110607.0 | ||
| 008 | 160514s2014 ua ak f 000 0 ara d | ||
| 017 |
_a2013/19740 _bمصر . دار الكتب المصرية |
||
| 020 | _a9789773505370 | ||
| 040 | _aEG-CaGPL | ||
| 082 | 0 | 4 |
_221 _a796.077\ _bن د |
| 100 | 0 | _aنيفين ممدوح زيدان . | |
| 245 | 1 | 0 |
_aدليل مدرب كرة السلة : _bالاعداد البدنى / _cنيفين ممدوح زيدان . |
| 250 | _aط.1 | ||
| 260 |
_aالقاهرة : _bدار الكتاب الحديث ، _c2014 . |
||
| 300 |
_a117 ص : _bايض ؛ _c24 سم . |
||
| 650 | 0 | 4 | _aكرة السلة . |
| 650 | 0 | 4 |
_aكرة السلة _xتدريب . |
| 942 |
_2ddc _cBK |
||
| 999 |
_c62789 _d62789 |
||